[Event "IND-ch U19 Girls 25th"]
[Site "Puri"]
[Date "2010.10.02"]
[Round "3"]
[White "Mohana, Priya J"]
[Black "Shweta, Gole"]
[Result "1-0"]
[WhiteElo "2030"]
[BlackElo "1814"]
[PlyCount "85"]
[EventDate "2010.10.01"]
[EventType "tourn"]
[EventRounds "11"]
[EventCountry "IND"]
[SourceTitle "CBM 138 Extra"]
[Source "ChessBase"]
[SourceDate "2010.10.29"]
[SourceVersion "1"]
[SourceVersionDate "2010.10.29"]
[SourceQuality "1"]

1. d4 Nf6 2. c4 e6 3. Nc3 c5 4. d5 exd5 5. cxd5 d6 6. e4 g6 7. Be2 Bg7 8. Bg5 0-0 9. Nf3 Re8 10. Nd2 a6 11. a4 Nbd7 12. 0-0 h6 13. Be3 Ne5 14. f3 Rb8 15. Nc4 Nxc4 16. Bxc4 Nd7 17. a5 Qe7 18. Qd2 Kh7 19. Rae1 Qd8 20. Na4 Ne5 21. b3 Nd7 22. b4 Ne5 23. Nb6 cxb4 24. Qxb4 Qe7 25. Kh1 Bd7 26. Be2 f5 27. f4 Nf7 28. e5 Bb5 29. Bxb5 axb5 30. e6 Nd8 31. Qxb5 Rf8 32. Nd7 Ra8 33. Nxf8+ Bxf8 34. Bd4 Bg7 35. Bxg7 Kxg7 36. Rc1 h5 37. Qb6 Kh6 38. Rc7 Qf6 39. Qxd6 Rxa5 40. Qd7 Qh8 41. Qe7 Nf7 42. exf7 Ra1 43. f8Q+ 1-0

[Event "IND-chB (Women)"]
[Site "Shilpgram"]
[Date "2010.08.22"]
[Round "3"]
[White "Mohana, Priya J"]
[Black "Saranya, J."]
[Result "0-1"]
[WhiteElo "2004"]
[BlackElo "2123"]
[PlyCount "78"]
[EventDate "2010.08.20"]
[EventType "swiss"]
[EventRounds "11"]
[EventCountry "IND"]
[SourceTitle "CBM 138 Extra"]
[Source "ChessBase"]
[SourceDate "2010.10.29"]
[SourceVersion "1"]
[SourceVersionDate "2010.10.29"]
[SourceQuality "1"]

1. d4 Nf6 2. Nf3 g6 3. c4 Bg7 4. Nc3 d6 5. e4 0-0 6. Be2 Nc6 7. d5 Nb8 8. 0-0 e5 9. Be3 Ng4 10. Bg5 f6 11. Bh4 g5 12. Bg3 Nh6 13. Qd2 Nd7 14. b4 Nf7 15. Ne1 Re8 16. Bg4 Nf8 17. Bxc8 Qxc8 18. Nc2 Ng6 19. Ne3 Nf4 20. Nf5 Bf8 21. Nd1 Ng6 22. Qe2 Nh6 23. Nde3 Nxf5 24. Nxf5 Ne7 25. Qg4 Nxf5 26. exf5 Re7 27. c5 Rg7 28. Rac1 Qe8 29. f3 Qa4 30. Qc4 dxc5 31. d6+ Kh8 32. dxc7 Rxc7 33. Rfe1 Rac8 34. Rxe5 cxb4 35. Qxc7 Rxc7 36. Rxc7 fxe5 37. Bxe5+ Kg8 38. f6 Qd1+ 39. Kf2 Bd6 0-1

[Event "IND-ch U15"]
[Site "Mumbai"]
[Date "2009.11.02"]
[Round "4"]
[White "Krishna, Anjana S"]
[Black "Mohana, Priya J"]
[Result "1/2-1/2"]
[WhiteElo "1908"]
[BlackElo "1988"]
[PlyCount "54"]
[EventDate "2009.11.01"]
[EventType "swiss"]
[EventRounds "11"]
[EventCountry "IND"]
[SourceTitle "EXT 2011"]
[Source "ChessBase"]
[SourceDate "2010.11.26"]
[SourceVersion "1"]
[SourceVersionDate "2010.11.26"]
[SourceQuality "1"]

1. e4 e5 2. Nf3 Nc6 3. Bc4 Bc5 4. c3 Qe7 5. d4 Bb6 6. 0-0 Nf6 7. Re1 d6 8. h3 h6 9. Na3 g5 10. d5 Nb8 11. Nh2 Rg8 12. Be2 Bd7 13. Bf3 g4 14. hxg4 Nh7 15. Nc4 Qh4 16. Nxb6 axb6 17. g3 Qf6 18. Kg2 Qg6 19. Bd2 Nf6 20. Qe2 Na6 21. b4 Ke7 22. Rh1 Raf8 23. Rae1 Rh8 24. Qe3 Rfg8 25. Bd1 Nb8 26. Qe2 c6 27. c4 Na6 1/2-1/2

[Event "Asia-ch U20 Girls"]
[Site "Chennai"]
[Date "2008.12.07"]
[Round "2"]
[White "Mohana, Priya J"]
[Black "Nadig, Kruttika"]
[Result "0-1"]
[WhiteElo "2073"]
[BlackElo "2387"]
[PlyCount "74"]
[EventDate "2008.12.05"]
[EventType "swiss"]
[EventRounds "9"]
[EventCountry "IND"]
[SourceTitle "CBM 127 Extra"]
[Source "ChessBase"]
[SourceDate "2009.01.08"]
[SourceVersion "2"]
[SourceVersionDate "2009.01.28"]
[SourceQuality "1"]

1. d4 d5 2. Nf3 Nf6 3. g3 g6 4. Bg2 Bg7 5. 0-0 0-0 6. c4 dxc4 7. Ne5 Nc6 8. Nxc6 bxc6 9. Na3 Be6 10. Qc2 Qxd4 11. Rd1 Qc5 12. e4 Qh5 13. f3 Qc5+ 14. Qf2 Qxf2+ 15. Kxf2 Rab8 16. Bf1 Nd7 17. Bxc4 Bxb2 18. Bxe6 fxe6 19. Rb1 Bxc1 20. Rbxc1 Ne5 21. f4 g5 22. Rb1 Rxb1 23. Rxb1 gxf4 24. gxf4 Rxf4+ 25. Ke3 Rf3+ 26. Kd4 Nd7 27. Rb3 Rf2 28. Ke3 Rxh2 29. Nc4 Rh3+ 30. Kf4 Rxb3 31. axb3 e5+ 32. Kf5 Kf7 33. Na5 e6+ 34. Kg5 Nc5 35. Nxc6 Nxe4+ 36. Kg4 a6 37. Nxe5+ Ke7 0-1

[Event "Wch U14 Girls"]
[Site "Vung Tau"]
[Date "2008.10.29"]
[Round "10"]
[White "Baciu, Diana"]
[Black "Mohana, Priya J"]
[Result "1-0"]
[WhiteElo "2062"]
[BlackElo "2073"]
[PlyCount "143"]
[EventDate "2008.10.20"]
[EventType "swiss"]
[EventRounds "11"]
[EventCountry "VIE"]
[SourceTitle "EXT 2009"]
[Source "ChessBase"]
[SourceDate "2008.11.26"]
[SourceVersion "1"]
[SourceVersionDate "2008.11.26"]
[SourceQuality "1"]

1. e4 e5 2. Nf3 Nc6 3. Bc4 Bc5 4. c3 Qe7 5. Bb3 Nf6 6. d3 0-0 7. 0-0 d6 8. Nbd2 Nd8 9. h3 Ne6 10. Re1 Nf4 11. Nf1 g6 12. Bxf4 exf4 13. d4 Bb6 14. e5 Nh5 15. N1d2 c6 16. exd6 Qxd6 17. Nc4 Qf6 18. Nxb6 axb6 19. Qe2 Ra5 20. Ne5 Kg7 21. Qf3 Bf5 22. Nc4 Ra6 23. Re2 Be6 24. Nd2 Bxb3 25. Nxb3 Raa8 26. a3 Qd6 27. Rae1 Nf6 28. Nd2 Rfe8 29. Nc4 Rxe2 30. Rxe2 Qc7 31. Ne5 Nh5 32. Nd3 Kf8 33. Qe4 Qd6 34. Qe5 Qxe5 35. Nxe5 Nf6 36. Nd3 g5 37. Re5 h6 38. h4 Nd7 39. Rf5 Ra5 40. Ne5 Nxe5 41. dxe5 gxh4 42. Kh2 Ke7 43. Rxf4 Rxe5 44. Rxh4 Re2 45. Rb4 b5 46. Kg3 Kd6 47. Kf3 Re6 48. a4 Rf6+ 49. Kg3 Kc5 50. axb5 cxb5 51. Rd4 b6 52. f3 Rf5 53. Kh4 f6 54. f4 b4 55. Rxb4 Rd5 56. g4 b5 57. f5 Rd8 58. Kh5 Rg8 59. Kxh6 Rg5 60. Rd4 Kc6 61. b4 Kc7 62. c4 bxc4 63. Rxc4+ Kb6 64. Re4 Kb5 65. Re6 Rxg4 66. Rxf6 Kxb4 67. Rd6 Kc5 68. Rd8 Rf4 69. Kg6 Kc6 70. f6 Kc7 71. Re8 Kd7 72. f7 1-0

[Event "Wch U14 Girls"]
[Site "Vung Tau"]
[Date "2008.10.28"]
[Round "9"]
[White "Mohana, Priya J"]
[Black "Arabidze, Meri"]
[Result "0-1"]
[WhiteElo "2073"]
[BlackElo "2182"]
[PlyCount "64"]
[EventDate "2008.10.20"]
[EventType "swiss"]
[EventRounds "11"]
[EventCountry "VIE"]
[SourceTitle "EXT 2009"]
[Source "ChessBase"]
[SourceDate "2008.11.26"]
[SourceVersion "1"]
[SourceVersionDate "2008.11.26"]
[SourceQuality "1"]

1. e4 c6 2. Nf3 d5 3. Nc3 Bg4 4. h3 Bh5 5. exd5 cxd5 6. g4 Bg6 7. Bb5+ Nc6 8. Ne5 Rc8 9. d4 e6 10. h4 f6 11. Nxg6 hxg6 12. Qd3 Kf7 13. h5 gxh5 14. Rxh5 Rxh5 15. gxh5 Nge7 16. a3 Nf5 17. Be3 a6 18. Ba4 Na5 19. Nd1 b5 20. Bb3 Nxb3 21. Qxb3 Qc7 22. Qc3 Qb8 23. Qd3 Qh2 24. Qe2 Be7 25. a4 b4 26. a5 Qh1+ 27. Kd2 Rc4 28. Qg4 Nxe3 29. Kxe3 f5 30. Qf4 Rxc2 31. Kd3 b3 32. Ne3 Qe4+ 0-1

[Event "Commonwealth-ch"]
[Site "Nagpur"]
[Date "2008.09.28"]
[Round "1"]
[White "Mohana, Priya J"]
[Black "Barua, Dibyendu"]
[Result "1/2-1/2"]
[WhiteElo "2048"]
[BlackElo "2497"]
[PlyCount "166"]
[EventDate "2008.09.28"]
[EventType "swiss"]
[EventRounds "11"]
[EventCountry "IND"]
[SourceTitle "CBM 126 Extra"]
[Source "ChessBase"]
[SourceDate "2008.11.05"]
[SourceVersion "1"]
[SourceVersionDate "2008.11.05"]
[SourceQuality "1"]

1. d4 Nf6 2. c4 b6 3. Nf3 Bb7 4. g3 e6 5. Bg2 Bb4+ 6. Bd2 Qe7 7. 0-0 Bxd2 8. Qxd2 d6 9. Nc3 0-0 10. Ne1 Bxg2 11. Nxg2 c5 12. d5 e5 13. e4 Nbd7 14. Rae1 a6 15. Nh4 g6 16. Nf3 b5 17. b3 b4 18. Na4 Ne8 19. h4 Ng7 20. Qg5 f6 21. Qg4 f5 22. exf5 gxf5 23. Qg5 Qe8 24. Kg2 Ra7 25. Nb2 a5 26. Nd3 a4 27. Nf4 Nf6 28. Ne6 Ne4 29. Rxe4 fxe4 30. Nd2 axb3 31. axb3 h6 32. Qg4 Rf6 33. Nxe4 Rg6 34. Nxg7 Raxg7 35. Qf5 Qf8 36. Qxf8+ Kxf8 37. h5 Rg4 38. Nxd6 Ra7 39. Kh3 Rd4 40. Nb5 Ra2 41. Nxd4 exd4 42. f4 Rc2 43. d6 Re2 44. f5 Re8 45. Kg4 Rd8 46. f6 Kf7 47. Kf4 Rxd6 48. Ke4 Re6+ 49. Kd5 Rxf6 50. Ra1 Rf5+ 51. Ke4 Rxh5 52. Ra7+ Kf6 53. Ra6+ Kg5 54. Rc6 Kg4 55. Rg6+ Kh3 56. Kf3 Kh2 57. g4 Rh3+ 58. Kf2 Rh4 59. Rc6 h5 60. gxh5 Rxh5 61. Rf6 Kh3 62. Kf3 Kh2 63. Kf2 Rh3 64. Rf5 Rxb3 65. Rh5+ Rh3 66. Rxc5 b3 67. Rg5 Rc3 68. Rh5+ Rh3 69. Rg5 Rh8 70. Rg2+ Kh3 71. Rg3+ Kh4 72. Rxb3 Kg4 73. c5 Kf4 74. c6 Rh2+ 75. Ke1 Ke4 76. Kd1 Rh1+ 77. Kd2 Rh2+ 78. Kd1 Rh6 79. Rb6 Kd3 80. Rb3+ Kc4 81. Rb6 Rh1+ 82. Kd2 Rh2+ 83. Kd1 Rh7 1/2-1/2

[Event "IND-chB (Women) 35th"]
[Site "Calicut"]
[Date "2008.06.09"]
[Round "5"]
[White "Mohana, Priya J"]
[Black "Pon, Namasivayam Krithik"]
[Result "0-1"]
[WhiteElo "2048"]
[BlackElo "2166"]
[PlyCount "70"]
[EventDate "2008.06.06"]
[EventType "swiss"]
[EventRounds "11"]
[EventCountry "IND"]
[SourceTitle "CBM 124 Extra"]
[Source "ChessBase"]
[SourceDate "2008.07.03"]
[SourceVersion "1"]
[SourceVersionDate "2008.07.03"]
[SourceQuality "1"]

1. d4 Nf6 2. c4 c5 3. d5 b5 4. cxb5 a6 5. b6 d6 6. Nc3 Nbd7 7. a4 a5 8. e4 g6 9. f4 Bg7 10. Nf3 0-0 11. Be2 Nxb6 12. 0-0 Ba6 13. Nd2 Qc8 14. Bxa6 Qxa6 15. Nb5 Rfc8 16. Ra3 c4 17. f5 Rab8 18. fxg6 hxg6 19. Nc3 Nbd7 20. Nf3 Qb6+ 21. Kh1 Ng4 22. Qe2 Nc5 23. h3 Nf6 24. e5 Nh5 25. Kh2 dxe5 26. g4 Nf4 27. Bxf4 exf4 28. Nb5 Nxa4 29. Rxa4 Qxb5 30. Ra2 Bxb2 31. Qxe7 Qxd5 32. Ng5 Re8 33. Rd1 Rxe7 34. Rxd5 Re2+ 35. Kh1 c3 0-1

[Event "Wch U14 Girls"]
[Site "Kemer"]
[Date "2007.11.27"]
[Round "10"]
[White "Mohana, Priya J"]
[Black "Hejazipour, Mitra"]
[Result "1-0"]
[WhiteElo "1988"]
[BlackElo "2073"]
[PlyCount "105"]
[EventDate "2007.11.18"]
[EventType "swiss"]
[EventRounds "11"]
[EventCountry "TUR"]
[SourceTitle "CBM 121 Extra"]
[Source "ChessBase"]
[SourceDate "2008.01.10"]
[SourceVersion "1"]
[SourceVersionDate "2008.01.10"]
[SourceQuality "1"]

1. d4 Nf6 2. c4 e6 3. Nf3 Bb4+ 4. Bd2 Qe7 5. e3 0-0 6. Bd3 d5 7. 0-0 Rd8 8. Bxb4 Qxb4 9. Qc2 dxc4 10. Bxc4 Nbd7 11. a3 Qe7 12. e4 c5 13. e5 Nd5 14. Bxd5 exd5 15. Nc3 Nf8 16. Rfe1 Bg4 17. Nd2 cxd4 18. Nb5 Ne6 19. Nb3 d3 20. Qxd3 Nf4 21. Qe3 Ng6 22. h3 Be6 23. Rac1 a6 24. Rc7 Rd7 25. Rxd7 Qxd7 26. Nd6 b5 27. f4 Nh4 28. Nc5 Qc6 29. Qf2 Nf5 30. Nxf5 Bxf5 31. g4 Be4 32. f5 Rc8 33. b4 Re8 34. e6 fxe6 35. fxe6 Rf8 36. Qg3 Rf3 37. Qb8+ Rf8 38. Qe5 Re8 39. Nxe4 dxe4 40. Rxe4 Qc1+ 41. Re1 Qxa3 42. e7 Qxh3 43. Qe6+ Kh8 44. Rd1 Qg3+ 45. Kf1 Qf3+ 46. Ke1 Qg3+ 47. Ke2 Qc7 48. Rd8 Qh2+ 49. Kd3 Qg3+ 50. Qe3 Qxe3+ 51. Kxe3 Kg8 52. Rxe8+ Kf7 53. Rg8 1-0

[Event "Wch U14 Girls"]
[Site "Kemer"]
[Date "2007.11.22"]
[Round "5"]
[White "Paikidze, Nazi"]
[Black "Mohana, Priya J"]
[Result "1-0"]
[WhiteElo "2292"]
[BlackElo "1988"]
[PlyCount "107"]
[EventDate "2007.11.18"]
[EventType "swiss"]
[EventRounds "11"]
[EventCountry "TUR"]
[SourceTitle "CBM 121 Extra"]
[Source "ChessBase"]
[SourceDate "2008.01.10"]
[SourceVersion "1"]
[SourceVersionDate "2008.01.10"]
[SourceQuality "1"]

1. d4 Nf6 2. c4 g6 3. Nc3 Bg7 4. e4 d6 5. Nf3 0-0 6. h3 e5 7. d5 Na6 8. Bg5 h6 9. Be3 Qe8 10. Be2 Nh5 11. g3 Kh7 12. Nd2 Nf6 13. g4 Ng8 14. h4 f5 15. gxf5 gxf5 16. exf5 Bxf5 17. Nde4 Nf6 18. Ng3 Qd7 19. Qa4 Qxa4 20. Nxa4 Bd7 21. Nc3 Kg8 22. Rg1 Rae8 23. Nh5 Nxh5 24. Bxh5 Re7 25. 0-0-0 Kh8 26. Bg4 Bxg4 27. Rxg4 Nc5 28. Bxc5 dxc5 29. Ne4 b6 30. Kc2 Rf4 31. Rdg1 Ref7 32. Kd3 Rf3+ 33. Ke2 R3f4 34. h5 Kh7 35. f3 Kh8 36. Rxf4 exf4 37. Rg6 Rf5 38. Rc6 Rf7 39. b3 Kg8 40. Rg6 Rd7 41. Kd3 a6 42. Nf2 Re7 43. Ng4 Kf8 44. Re6 Rxe6 45. dxe6 Ke7 46. Ke4 Kxe6 47. Kxf4 b5 48. Ke4 c6 49. f4 a5 50. f5+ Kf7 51. cxb5 cxb5 52. Kd5 Bf8 53. Ne5+ Kg7 54. Nd7 1-0